[Event "January 26th an Indian Ripublicday..OPEN TURNAMENT"]
[Site "SchemingMind.com"]
[Date "2015.07.06"]
[Round "-"]
[White "HECTORBSUEIRO"]
[Black "Ramesh Panwar"]
[Result "1/2-1/2"]
[WhiteCountry "ARG"]
[BlackCountry "IND"]
[WhiteElo "2388"]
[WhiteRD "82"]
[BlackElo "2377"]
[BlackRD "57"]
[GameID "383015"]

1. d4 Nf6 2. c4 d5 3. Nf3 e6 4. Nc3 Be7 5. Bg5 O-O 6. e3 h6 7. Bh4 b6 8. Bd3 dxc4 9. Bxc4 Nbd7 10. Qe2 Bb7
11. O-O Nd5 12. Bg3 Nxc3 13. bxc3 Nf6 14. Rac1 Ne4 15. Ne5 Ba3 16. Rc2 Bd6 17. Bf4 c5 18. f3 Nf6 19. g4 Qc7 20. h4 Nd5
21. Bh2 Rac8 22. Rfc1= Rfd8 23. g5 hxg5 24. hxg5 Qe7 25. g6 fxg6 26. Qd3 cxd4 27. cxd4 Qf6 28. Qe4 b5=
1/2-1/2

[Event "January 26th an Indian Ripublicday..OPEN TURNAMENT"]
[Site "SchemingMind.com"]
[Date "2015.09.13"]
[Round "-"]
[White "Professor"]
[Black "chesshub"]
[Result "1/2-1/2"]
[WhiteCountry "USA"]
[BlackCountry "FRA"]
[WhiteElo "2546"]
[WhiteRD "86"]
[BlackElo "2539"]
[BlackRD "78"]
[GameID "387333"]

1. e4 e5 2. Nf3 Nc6 3. Bb5 a6 4. Ba4 Nf6 5. d3 d6 6. c3 g6 7. O-O Bg7 8. Re1 O-O 9. Nbd2 b5 10. Bc2 a5
11. a4 b4 12. Nc4 Be6 13. Bb3 Rb8 14. h3 h6 15. d4 Bxc4 16. Bxc4 bxc3 17. bxc3 exd4 18. cxd4 Nxe4 19. Bxf7+ Rxf7 20. Rxe4 Qd7
21. Ra3 Qf5 22. Rf4 Qd5 23. Rxf7 Qxf7 24. Be3 Kh7 25. Rc3 Nb4 26. Rc1 Na2 27. Rc6 Nb4 28. Rc1 Na2 29. Rc6 Nb4 30. Rc1
1/2-1/2

[Event "January 26th an Indian Ripublicday..OPEN TURNAMENT"]
[Site "SchemingMind.com"]
[Date "2015.09.13"]
[Round "-"]
[White "chesshub"]
[Black "Professor"]
[Result "1-0"]
[WhiteCountry "FRA"]
[BlackCountry "USA"]
[WhiteElo "2544"]
[WhiteRD "82"]
[BlackElo "2513"]
[BlackRD "86"]
[GameID "387334"]

1. d4 Nf6 2. c4 e6 3. Nf3 Bb4+ 4. Bd2 a5 5. Nc3 b6 6. e3 Bb7 7. Bd3 O-O 8. O-O d6 9. Qc2 Nbd7 10. e4 e5
11. Nd5 Bxd2 12. Qxd2 Re8 13. Rfe1 Nf8 14. Bc2 N6d7 15. Rad1 Ne6 16. Ba4 exd4 17. Nxd4 Nxd4 18. Qxd4 Re6 19. f4 f6 20. Bc2 Nc5
21. b3 Re8 22. Qf2 Bxd5 23. cxd5 Qe7 24. a3 Qf7 25. Re3 Nd7 26. Qe2 Re7 27. Bd3 g5 28. e5 fxe5 29. fxg5 Qf4 30. h4 Rf8
31. g3 Qf7 32. Qc2 Kh8 33. b4 h6 34. Rf1 Qxd5 35. Qxc7 Rxf1+ 36. Bxf1 Qe6 37. bxa5 bxa5 38. Bh3 Nf8 39. Qb8 Re8 40. Qb5 Qe7
41. gxh6 Qa7 42. Kh2 Qxe3 43. Qxe8 Qxh6 44. Bg2 Qf6 45. Qa8
1-0

[Event "January 26th an Indian Ripublicday..OPEN TURNAMENT"]
[Site "SchemingMind.com"]
[Date "2016.01.16"]
[Round "-"]
[White "chesshub"]
[Black "Ramesh Panwar"]
[Result "1-0"]
[WhiteCountry "FRA"]
[BlackCountry "IND"]
[WhiteElo "2548"]
[WhiteRD "75"]
[BlackElo "2406"]
[BlackRD "74"]
[GameID "393692"]

1. d4 Nf6 2. c4 e6 3. Nf3 b6 4. g3 Bb7 5. Bg2 Be7 6. O-O O-O 7. Nc3 Ne4 8. Qc2 Nxc3 9. Qxc3 d5 10. cxd5 Bxd5
11. Bf4 Nc6 12. Rfd1 Rc8 13. a3 Bd6 14. Qc2 f5 15. Ne5 Bxg2 16. Kxg2 Bxe5 17. Qxc6 Bxf4= 18. Qxe6+ Kh8 19. gxf4 Re8 20. Qxf5 Rxe2
21. Re1 Rxb2 22. Rac1 Rd2 23. Re7 h6 24. Rce1 Qg8 25. R1e6
1-0

[Event "January 26th an Indian Ripublicday..OPEN TURNAMENT"]
[Site "SchemingMind.com"]
[Date "2016.01.17"]
[Round "-"]
[White "Ramesh Panwar"]
[Black "chesshub"]
[Result "1/2-1/2"]
[WhiteCountry "IND"]
[BlackCountry "FRA"]
[WhiteElo "2429"]
[WhiteRD "76"]
[BlackElo "2519"]
[BlackRD "74"]
[GameID "393693"]

1. e4 e5 2. Nf3 Nc6 3. Bb5 a6 4. Ba4 Nf6 5. O-O Be7 6. Re1 b5 7. Bb3 d6 8. c3 O-O 9. h3 Bb7 10. d4 Re8
11. a4 h6 12. Qe2 Bf8 13. d5 Na5 14. Bc2 c6 15. dxc6 Bxc6 16. Nbd2 Qc7 17. b4 Nb7 18. Bb2 Rab8 19. axb5 axb5 20. Bd3 Nd8
21. g3= Qd7 22. Kh2 Ne6 23. Ra5 Be7 24. Rea1 Bd8 25. Ra7 Bc7 26. Rc1 Rec8 27. Rca1 Qe8 28. R7a6 Rd8 29. Rc1 d5 30. exd5 Bxd5
31. c4 bxc4 32. Bxc4 Rxb4 33. Bxe5 Bxe5 34. Qxe5 Rc8 35. Qe2 Rcxc4 36. Nxc4 Nc7 37. Qxe8+ Nfxe8 38. Ra7 Rxc4 39. Rxc4 Bxc4 40. Nd4=
1/2-1/2